| 000 | 00463nam a22001817a 4500 | ||
|---|---|---|---|
| 003 | CEME | ||
| 005 | 20210628204053.0 | ||
| 008 | 210111b xxu||||| |||| 00| 0 eng d | ||
| 020 | _a8185185204 | ||
| 040 | _cceme | ||
| 082 | _a621.38103 BHA | ||
| 100 |
_aBhardwaj, Mukta _968570 |
||
| 245 | _aAcademic's dictionary of electronics | ||
| 260 |
_aNEW DELHI _bACADEMIC _c2008 |
||
| 300 | _a358P | ||
| 650 |
_aDICTIONARY OF ELECTRONICS. _968571 |
||
| 942 |
_cBK _2ddc |
||
| 999 |
_c576113 _d576113 |
||